|
|
|
|
| LEADER |
00000cam a22000004a 4500 |
| 001 |
musev2_43828 |
| 003 |
MdBmJHUP |
| 005 |
20230905044604.0 |
| 006 |
m o d |
| 007 |
cr||||||||nn|n |
| 008 |
151215s2016 nju o 00 0 eng d |
| 010 |
|
|
|z 2015011172
|
| 020 |
|
|
|a 9780813574264
|
| 020 |
|
|
|z 9780813574233
|
| 020 |
|
|
|z 9780813574257
|
| 020 |
|
|
|z 9780813574240
|
| 035 |
|
|
|a (OCoLC)932199714
|
| 040 |
|
|
|a MdBmJHUP
|c MdBmJHUP
|
| 100 |
1 |
|
|a Schuller, Mark,
|d 1973-
|e author.
|
| 245 |
1 |
0 |
|a Humanitarian Aftershocks in Haiti /
|c Mark Schuller.
|
| 264 |
|
1 |
|a New Brunswick, N.J. :
|b Rutgers University Press,
|c [2016]
|
| 264 |
|
3 |
|a Baltimore, Md. :
|b Project MUSE,
|c 2016
|
| 264 |
|
4 |
|c ©[2016]
|
| 300 |
|
|
|a 1 online resource (312 pages):
|b illustrations
|
| 336 |
|
|
|a text
|b txt
|2 rdacontent
|
| 337 |
|
|
|a computer
|b c
|2 rdamedia
|
| 338 |
|
|
|a online resource
|b cr
|2 rdacarrier
|
| 505 |
0 |
|
|a Acknowledgments -- List of acronyms -- Introduction -- Haiti's unnatural disaster : neoliberalism -- Racing from the rubble : constructing IDPs -- Hitting home : humanitarian impacts on Haiti's households -- Pa Manyen Fanm Nan Konsa : the gender of aid -- Pòch Prela : camp committees -- Aba Ong Vole : the "republic of NGOs" -- Colonization within NGOs : Haitian staff understandings -- Fotokopi : imperialism's carbon copy -- Conclusion -- Appendix -- Notes -- Glossary -- References -- Index.
|
| 520 |
|
|
|a Mark Schuller led an independent study of eight displaced-persons camps in Haiti, compiling more than 150 interviews ranging from Haitian front-line workers and camp directors to foreign humanitarians and many earthquake victims. The result is an insightful account of why the multi-billion-dollar aid response to the Haitian earthquake triggered a range of unintended consequences, rupturing social and cultural institutions and actually increasing violence, especially against women.
|
| 588 |
|
|
|a Description based on print version record.
|
| 650 |
|
7 |
|a Non-governmental organizations.
|2 fast
|0 (OCoLC)fst01038524
|
| 650 |
|
7 |
|a Neoliberalism.
|2 fast
|0 (OCoLC)fst01737382
|
| 650 |
|
7 |
|a Earthquake relief.
|2 fast
|0 (OCoLC)fst00900875
|
| 650 |
|
7 |
|a SOCIAL SCIENCE
|x Anthropology
|x Cultural.
|2 bisacsh
|
| 650 |
|
7 |
|a SOCIAL SCIENCE
|x General.
|2 bisacsh
|
| 650 |
|
7 |
|a BUSINESS & ECONOMICS
|x Infrastructure.
|2 bisacsh
|
| 650 |
|
6 |
|a Neo-liberalisme
|z Haïti.
|
| 650 |
|
6 |
|a Organisations non gouvernementales
|z Haïti.
|
| 650 |
|
6 |
|a Secours aux victimes de tremblements de terre
|z Haïti.
|
| 650 |
|
6 |
|a Tremblement de terre d'Haïti, Haïti, 2010.
|
| 650 |
|
0 |
|a Neoliberalism
|z Haiti.
|
| 650 |
|
0 |
|a Non-governmental organizations
|z Haiti.
|
| 650 |
|
0 |
|a Earthquake relief
|z Haiti.
|
| 650 |
|
0 |
|a Haiti Earthquake, Haiti, 2010.
|
| 651 |
|
7 |
|a Haiti.
|2 fast
|0 (OCoLC)fst01205135
|
| 655 |
|
7 |
|a Electronic books.
|2 local
|
| 710 |
2 |
|
|a Project Muse.
|e distributor
|
| 830 |
|
0 |
|a Book collections on Project MUSE.
|
| 856 |
4 |
0 |
|z Texto completo
|u https://projectmuse.uam.elogim.com/book/43828/
|
| 945 |
|
|
|a Project MUSE - Custom Collection
|
| 945 |
|
|
|a Project MUSE - 2016 Complete
|
| 945 |
|
|
|a Project MUSE - 2016 Political Science and Policy Studies
|
| 945 |
|
|
|a Project MUSE - 2016 Latin American and Caribbean Studies
|